[Event "DFMMLV 2017"]
[Site "Braunfels"]
[Date "2017.06.17"]
[Round "4"]
[White "Fuchs, Antje"]
[Black "Clopes Llahi, Judit"]
[Result "1/2-1/2"]
[WhiteElo "2052"]
[BlackElo "2122"]
[Annotator "NA"]
[PlyCount "43"]
[EventDate "2017.??.??"]
[EventType "team-tourn"]
[EventCountry "GER"]
[SourceTitle "playchess.com"]
[Source "ChessBase"]
[SourceQuality "1"]
[TimeControl "40/5400+30:1800+30"]

{[%evp 15,35,20,41,44,32767,32767,32767,32767,32767,32767,32767,32767,32767,32767,32767,32767,45,32767,32767,38,32767,9]} 1. e4 {[%emt 0:03:41]} c5 {[%emt 0:00:15]} 2. Nf3 {[%emt 0:00:24]} a6 {[%emt 0:00:14]} 3. c3 {[%emt 0:01:42]} d5 {[%emt 0:00:42]} 4. exd5 {[%emt 0:00:12]} Qxd5 {[%emt 0:00:13]} 5. d4 {[%emt 0:00:25]} Nc6 {[%emt 0:04:06]} 6. Be2 {[%emt 0:01:59] B28: Sicilian: 2 Nf3 a6 (O'Kelly Variation)} cxd4 {[%emt 0:06:32]} 7. cxd4 {[%emt 0:00:30]} e6 {[%emt 0:00:19]} 8. O-O {[%emt 0:00:57]} Nf6 {[%emt 0:00:58] LiveBook: 19 Games} 9. Nc3 {[%emt 0:04:13]} {Predecessor:} Qd6 $146 {[%emt 0:03:11]} 10. Bg5 {[%emt 0:10:33]} (10. Be3 Be7 11. Nd2 Nd5 12. Nde4 Qd8 13. Nxd5 exd5 14. Nc5 O-O 15. Rc1 f5 16. Nd3 Bd6 17. f4 Qb6 18. Kh1 Be6 {½-½ (39) Leko,P (2731)-Morozevich,A (2724) Moscow 2014}) 10... Be7 {[%emt 0:06:08]} 11. Rc1 {[%emt 0:00:30]} O-O {[%emt 0:01:38]} 12. Qd2 {[%emt 0:02:50]} Nd5 {[%emt 0:09:11]} 13. Rfd1 {[%emt 0:05:17]} Rd8 {[%emt 0:13:19]} 14. Bd3 {[%emt 0:06:47]} Bxg5 {[%emt 0:08:06]} 15. Nxg5 {[%emt 0:15:09]} Nf6 {[%emt 0:09:54]} 16. Nce4 {[%emt 0:13:54]} Nxe4 {[%emt 0:01:53]} 17. Bxe4 {[%emt 0:00:44]} h6 {[%emt 0:01:53]} 18. Nf3 {[%emt 0:05:32]} Ne7 {[%emt 0:05:29]} 19. Qa5 {[%emt 0:07:41]} Nd5 {[%emt 0:06:23]} 20. Bxd5 {[%emt 0:01:23]} exd5 {[%emt 0:03:59]} 21. Re1 {[%emt 0:04:40]} Be6 {[%emt 0:01:37]} 22. Qc5 {[%emt 0:03:47]} 1/2-1/2

[Event "DFMMLV 2017"]
[Site "Braunfels"]
[Date "2017.06.17"]
[Round "4"]
[White "Fuchs, Antje"]
[Black "Clopes Llahi, Judit"]
[Result "*"]
[WhiteElo "2052"]
[BlackElo "2122"]
[Annotator "TA"]
[PlyCount "36"]
[EventDate "2017.??.??"]
[EventType "team-tourn"]
[EventCountry "GER"]
[SourceTitle "playchess.com"]
[Source "ChessBase"]
[SourceQuality "1"]

{[%evp 15,17,20,41,44]} 1. e4 c5 2. Nf3 a6 3. c3 d5 4. exd5 Qxd5 5. d4 Nc6 6. Be2 {B28: Sicilian: 2 Nf3 a6 (O'Kelly Variation)} cxd4 7. cxd4 e6 8. O-O Nf6 {LiveBook: 19 Games} 9. Nc3 {Predecessor:} Qd6 $146 10. Be3 Be7 11. Nd2 Nd5 12. Nde4 Qd8 13. Nxd5 exd5 14. Nc5 O-O 15. Rc1 f5 16. Nd3 Bd6 17. f4 Qb6 18. Kh1 Be6 {½-½ (39) Leko,P (2731)-Morozevich,A (2724) Moscow 2014} *

[Event "DFMMLV 2017"]
[Site "Braunfels"]
[Date "2017.06.17"]
[Round "4"]
[White "Ries, Jutta"]
[Black "Imnadze, Nato"]
[Result "1/2-1/2"]
[WhiteElo "2035"]
[BlackElo "2283"]
[Annotator "TA"]
[PlyCount "74"]
[EventDate "2017.??.??"]
[EventType "team-tourn"]
[EventCountry "GER"]
[SourceTitle "playchess.com"]
[Source "ChessBase"]
[SourceQuality "1"]

{[%evp 9,74,7,48,52,42,43,49,-45,43,18,19,15,11,-10,-9,-18,-18,-18,0,-47,0,-11,-16,-43,-25,-70,-32,-28,-50,-56,-27,-31,-27,-40,-17,-17,-25,-33,-26,-48,0,0,0,0,0,0,0,0,58,49,48,58,82,81,83,74,83,65,84,76,91,82,84,0,95,0,80]} 1. f4 d5 2. Nf3 g6 3. e3 Bg7 4. c4 c6 5. Nc3 d4 (5... Nf6 6. d4 O-O 7. Be2 e6 8. O-O dxc4 9. Bxc4 Nbd7 10. e4 b5 11. Bd3 b4 12. Na4 c5 13. Nxc5 Nxc5 14. dxc5 {1-0 (39) Rapport,R (2693)-Fressinet,L (2712) Reykjavik 2015}) 6. Nxd4 {A03: Bird's Opening with 1...d5} Bxd4 7. exd4 Qxd4 8. Qf3 $146 ({White should try} 8. d3 $14) ({Predecessor:} 8. d3 Nf6 9. Qf3 Qb6 10. Qf2 Qxf2+ 11. Kxf2 {1-0 (53) Skrobek,R (2410)-Gizynski,T (2310) Polanica Zdroj 1992}) 8... Nf6 (8... Na6 $1 $15 9. d3 Nb4) 9. Qe3 (9. d3 {is more complex.} Qb6 10. h3 h5 11. b3 Bf5 12. Bb2) 9... Qxe3+ 10. dxe3 Bf5 11. b4 O-O 12. Be2 Nbd7 13. h3 a5 14. bxa5 Be4 15. O-O {Strongly threatening Rd1.} Rxa5 16. Bd2 Ra3 17. Rfe1 Nc5 18. Nxe4 Nfxe4 19. Bb4 Ra4 20. a3 Rfa8 21. Rab1 Kf8 22. Bf3 f5 23. Red1 Ke8 24. Rb2 Ne6 25. Bxe4 fxe4 26. c5 Nc7 27. Rd4 Nb5 28. Rxe4 Rd8 ({Better is} 28... Nxa3 $11 29. Rd4 Nb5) 29. Re5 Rd7 30. Rb3 Kf7 31. Kf2 e6 32. Kf3 Rd1 33. g4 Ra8 34. Rb2 Rd3 35. Re4 Ra4 36. Re5 Ra8 $1 37. Re4 Ra4 $1 {Precision: White = 45%, Black = 29%.} 1/2-1/2

[Event "DFMMLV 2017"]
[Site "Braunfels"]
[Date "2017.06.17"]
[Round "4"]
[White "Gheng, Simona"]
[Black "Schneider, Birgit"]
[Result "1-0"]
[WhiteElo "1999"]
[BlackElo "1924"]
[Annotator "NA"]
[PlyCount "63"]
[EventDate "2017.??.??"]
[EventType "team-tourn"]
[EventCountry "GER"]
[SourceTitle "playchess.com"]
[Source "ChessBase"]
[SourceQuality "1"]
[TimeControl "40/5400+30:1800+30"]

{[%evp 8,50,-2,5,32767,32767,16,2,4,0,14,0,-3,0,29,19,23,12,25,0,10,12,20,12,0,-26,32767,-69,32767,-43,-47,-67,32767,-65,-37,-79,44,32767,32767,32767,32767,58,32767,72,62]} 1. e4 {[%emt 0:00:00]} c5 {[%emt 0:00:17]} 2. c4 {[%emt 0:00:00]} Nc6 {[%emt 0:02:10]} 3. g3 {[%emt 0:00:06]} g6 {[%emt 0:00:46]} 4. Bg2 {[%emt 0:00:23]} Bg7 {[%emt 0:00:22]} 5. Nc3 {[%emt 0:00:11]} e6 {[%emt 0:03:40]} 6. Nge2 {[%emt 0:03:56]} Nge7 {[%emt 0:01:01]} 7. d3 {[%emt 0:00:44]} d6 {[%emt 0:03:31]} 8. O-O {[%emt 0:00:56]} O-O {[%emt 0:01:03]} 9. a3 {[%emt 0:00:34]} Rb8 {[%emt 0:04:54]} 10. Rb1 {[%emt 0:00:41]} a5 {[%emt 0:05:48] LiveBook: 18 Games} 11. Nb5 {[%emt 0:04:17] A36: Symmetrical English vs ...g6: 4 Bg2 Bg7} (11. h3 b6 12. Nb5 Ba6 13. Be3 d5 14. exd5 exd5 15. Bf4 Ne5 16. Qb3 d4 17. Rfe1 Nf5 18. Na7 Bb7 19. Bxe5 Bxe5 20. Bxb7 Rxb7 {½-½ (48) Gurevich,M (2627)-Mista,A (2543) Warsaw 2007}) 11... b6 {[%emt 0:10:04]} 12. Be3 {[%emt 0:06:12]} Bb7 $146 {[%emt 0:04:49]} ({Predecessor:} 12... e5 13. Qd2 Be6 14. Nec3 Qd7 15. Nd5 Bxd5 16. exd5 Na7 17. Nc3 b5 18. b4 axb4 19. axb4 cxb4 20. Rxb4 bxc4 21. Rxb8 Rxb8 22. dxc4 {½-½ (42) Wiedenkeller,M (2455)-Horvath,T (2395) Copenhagen 1986}) 13. f4 {[%emt 0:01:44]} f5 {[%emt 0:09:01]} 14. Bf2 {[%emt 0:08:03]} Kh8 {[%emt 0:04:09]} 15. Qc2 {[%emt 0:02:56]} e5 {[%emt 0:03:52]} 16. Rfe1 {[%emt 0:02:45]} Nd4 {[%emt 0:03:00]} 17. Bxd4 {[%emt 0:02:04]} exd4 {[%emt 0:04:31]} 18. Kh1 {[%emt 0:04:39]} Qd7 {[%emt 0:06:30]} 19. Ng1 {[%emt 0:00:43]} Ng8 {[%emt 0:02:30]} 20. h3 {[%emt 0:06:47]} ({Better is} 20. exf5 $11 Bxg2+ 21. Qxg2) 20... Rbe8 {[%emt 0:02:25]} 21. Kh2 {[%emt 0:01:05]} h6 {[%emt 0:02:37]} ({Black should play} 21... fxe4 $15 22. dxe4 Re7) 22. exf5 {[%emt 0:03:51]} Bxg2 {[%emt 0:01:15]} 23. Qxg2 {[%emt 0:00:23]} Rxe1 {[%emt 0:06:31]} 24. Rxe1 {[%emt 0:00:39]} Rxf5 {[%emt 0:01:18]} 25. Qa8 {[%emt 0:01:41]} Rf8 $14 {[%emt 0:03:00]} 26. Qd5 {[%emt 0:00:33]} g5 {[%emt 0:02:18]} 27. fxg5 {[%emt 0:08:58]} Rf2+ {[%emt 0:00:49]} 28. Kh1 {[%emt 0:00:04]} hxg5 {[%emt 0:01:21]} 29. Qxg5 {[%emt 0:05:15]} Qb7+ {[%emt 0:01:37]} 30. Re4 {[%emt 0:07:05]} Be5 {[%emt 0:05:29]} 31. Nf3 {[%emt 0:04:32]} Rxf3 32. Rh4+ 1-0

[Event "DFMMLV 2017"]
[Site "Braunfels"]
[Date "2017.06.17"]
[Round "4"]
[White "Frank, Tena"]
[Black "Bulmaga, Irina"]
[Result "0-1"]
[WhiteElo "1982"]
[BlackElo "2415"]
[Annotator "TA"]
[PlyCount "54"]
[EventDate "2017.??.??"]
[EventType "team-tourn"]
[EventCountry "GER"]
[SourceTitle "playchess.com"]
[Source "ChessBase"]
[SourceQuality "1"]

{[%evp 18,54,-12,-20,0,0,0,-4,0,-16,0,-20,-25,-24,10,0,0,-91,-95,-119,-110,-123,-131,-146,-154,-154,-162,-152,-140,-226,-218,-229,-240,-237,-222,-629,-615,-682,-675]} 1. d4 Nf6 2. c4 e6 3. Nc3 Bb4 4. Qc2 O-O 5. a3 Bxc3+ 6. Qxc3 b6 7. Nf3 Bb7 8. Bg5 d6 9. e3 Nbd7 10. Bd3 Re8 {E32: Nimzo-Indian: Classical (4 Qc2): 4...0-0} (10... Qe7 11. O-O h6 12. Bh4 g5 13. Bg3 Nh5 14. Nd2 f5 15. f3 Nxg3 16. hxg3 c5 17. Rfd1 Rac8 18. dxc5 bxc5 {½-½ (34) Dranov,A (2446)-Alekseev,E (2662) Germany 2012}) 11. Qc2 h6 12. Bh4 $146 ({Predecessor:} 12. h4 e5 13. dxe5 dxe5 14. Bf5 Qe7 15. Bxf6 Nxf6 16. O-O-O Rad8 17. Rxd8 Rxd8 {½-½ (41) Yurenok,M (2017)-Norinkeviciute,R (2009) England 2015}) 12... c5 {The position is equal.} 13. O-O Rc8 (13... Bxf3 $5 14. gxf3 Rc8 $11) 14. Nd2 cxd4 15. exd4 Qc7 (15... b5 $5) 16. Rac1 d5 17. b3 (17. f3 $11 {remains equal.}) 17... Qf4 $17 18. Nf3 dxc4 $40 {[%mdl 128] Black is out for blood.} 19. Bg3 Qg4 ({And not} 19... cxd3 20. Qxc8 (20. Bxf4 $2 {perishes.} dxc2 21. Ne1 Be4 $19) 20... Qe4 21. Qc3 $11) 20. bxc4 Bxf3 21. gxf3 Qxd4 22. Rcd1 Qc5 23. Bd6 (23. Qe2 $17) 23... Qh5 $19 ({Inferior is} 23... Qxd6 {[#]} 24. Bh7+ $1 {[%mdl 512]} Nxh7 25. Rxd6 $16) 24. Qe2 e5 25. Rfe1 Nc5 26. Bxe5 $2 (26. Bxc5 Rxc5 27. Kh1) 26... Nxd3 27. Rxd3 {[#]} Rxe5 $1 {[%mdl 512] Precision: White = 20%, Black = 71%.} 0-1

[Event "DFMMLV 2017"]
[Site "Braunfels"]
[Date "2017.06.17"]
[Round "4"]
[White "Frank, Michelle Viviane"]
[Black "Siegl, Melina"]
[Result "0-1"]
[WhiteElo "1949"]
[BlackElo "1972"]
[Annotator "NA"]
[PlyCount "72"]
[EventDate "2017.??.??"]
[EventType "team-tourn"]
[EventCountry "GER"]
[SourceTitle "playchess.com"]
[Source "ChessBase"]
[SourceQuality "1"]
[TimeControl "40/5400+30:1800+30"]

{[%evp 15,65,17,54,32767,20,20,89,-37,-31,-72,-59,-114,-130,-161,-160,-152,32767,32767,32767,32767,32767,32767,-152,-187,-97,-174,-61,32767,32767,32767,0,0,0,-287,-306,-363,32767,32767,32767,32767,-395,-411,-411,-543,32767,32767,32767,32767,-559,32767,32767,-552]} 1. d4 {[%emt 0:00:00]} d6 {[%emt 0:00:05]} 2. Nf3 {[%emt 0:00:05]} g6 {[%emt 0:00:30]} 3. c4 {[%emt 0:00:16]} f5 {[%emt 0:00:56]} 4. Nc3 {[%emt 0:00:33]} Nf6 {[%emt 0:00:10]} 5. g3 {[%emt 0:00:15]} Bg7 {[%emt 0:00:05]} 6. Bg2 {[%emt 0:00:04]} O-O {[%emt 0:00:19]} 7. O-O {[%emt 0:00:05]} c6 {[%emt 0:00:05]} 8. Qc2 {[%emt 0:00:42]} Qe8 {[%emt 0:06:04] LiveBook: 6 Games} 9. d5 {[%emt 0:02:10] A88: Dutch Defence: Leningrad System: 5 Nf3 0-0 6 0-0 d6 7 Nc3 c6} e5 {[%emt 0:05:13]} 10. dxe6 Bxe6 {[%emt 0:00:07]} (10... Qxe6 $11 11. Rd1 Qxc4) 11. Ng5 $146 {[%emt 0:00:19]} (11. Bf4 $16) ({Predecessor:} 11. b3 Na6 12. a3 Nc7 13. Bf4 Qe7 14. Rad1 Rad8 15. Rd2 d5 16. cxd5 Ncxd5 17. Nxd5 Bxd5 {0-1 (49) Akobian,V (2606)-Gurevich,M (2634) Beijing 2008}) 11... Bxc4 {[%emt 0:01:22]} 12. Bf4 {[%emt 0:00:36]} Qe7 {[%emt 0:03:19]} 13. b3 {[%emt 0:00:24] [#]} Ba6 $1 {[%emt 0:00:39]} 14. Rad1 {[%emt 0:00:33] [#]} d5 $1 {[%emt 0:00:17]} 15. Rfe1 {[%emt 0:00:08]} h6 {[%emt 0:05:21]} 16. Nf3 {[%emt 0:00:08]} Ne4 {[%emt 0:00:35]} 17. Nxe4 {[%emt 0:00:47]} fxe4 {[%emt 0:03:11]} 18. Nh4 {[%emt 0:00:11]} Qf7 {[%emt 0:08:43]} ({Don't go for} 18... Rxf4 $2 19. Nxg6 Qb4 20. Nxf4 $18 (20. gxf4 Nd7 $16)) 19. f3 {[%emt 0:28:39]} g5 {[%emt 0:04:05]} 20. fxe4 {[%emt 0:00:10]} gxf4 {[%emt 0:13:26]} ({Black should play} 20... gxh4 $17 21. exd5 Kh8) 21. exd5 {[%emt 0:00:18]} fxg3 {[%emt 0:08:32]} 22. Ng6 {[%emt 0:00:46]} gxh2+ {[%emt 0:05:20]} (22... Re8 $17 23. hxg3 Nd7 24. dxc6 Nf6) 23. Kh1 $1 {[%emt 0:00:16]} Re8 {[%emt 0:01:17]} 24. d6 $2 {[%emt 0:03:18]} (24. dxc6 $11 {and White has nothing to worry.} bxc6 25. Rd6) 24... Nd7 {[%emt 0:01:39]} 25. Ne7+ {[%emt 0:00:24]} Rxe7 {[%emt 0:00:43]} 26. dxe7 {[%emt 0:00:05]} Qxe7 {[%emt 0:00:04]} 27. Qf5 {[%emt 0:01:47]} Ne5 {[%emt 0:06:56]} 28. Be4 {[%emt 0:00:27]} Bf6 {[%emt 0:00:36]} 29. Rd2 {[%emt 0:01:01]} Bg5 {[%emt 0:02:56]} 30. Rd6 {[%emt 0:03:43]} Rf8 {[%emt 0:04:37]} 31. Qe6+ {[%emt 0:00:53]} Qxe6 {[%emt 0:00:25]} 32. Rxe6 {[%emt 0:00:06]} Ng4 {[%emt 0:01:31]} 33. Bf3 $19 {[%emt 0:00:46]} Nf2+ {[%emt 0:05:58]} 34. Kg2 {[%emt 0:00:57]} h1=Q+ {[%emt 0:00:13]} 35. Rxh1 {[%emt 0:00:03]} Nxh1 {[%emt 0:00:10]} 36. Rd6 {[%emt 0:00:08]} Ng3 {[%emt 0:01:14]} 0-1

[Event "DFMMLV 2017"]
[Site "Braunfels"]
[Date "2017.06.17"]
[Round "4"]
[White "Mehling, Katharina"]
[Black "Heymann-Lobzhanidze, Anna-Luise"]
[Result "1-0"]
[WhiteElo "1905"]
[BlackElo "1979"]
[Annotator "NA"]
[PlyCount "43"]
[EventDate "2017.??.??"]
[EventType "team-tourn"]
[EventCountry "GER"]
[SourceTitle "playchess.com"]
[Source "ChessBase"]
[SourceQuality "1"]
[TimeControl "40/5400+30:1800+30"]

{[%evp 10,41,29,33,35,31,29,31,29,14,31,-56,43,17,45,21,216,209,237,240,215,237,335,32767,335,300,32767,32767,32767,32767,32767,32767,475,417]} 1. e4 {[%emt 0:00:00]} d6 {[%emt 0:01:47]} 2. d4 {[%emt 0:00:00]} Nf6 {[%emt 0:00:12]} 3. Nc3 {[%emt 0:00:00]} g6 {[%emt 0:00:16]} 4. f3 {[%emt 0:00:01]} Bg7 {[%emt 0:00:11]} 5. Be3 {[%emt 0:00:06]} c6 {[%emt 0:00:21]} 6. Qd2 {[%emt 0:00:27]} b5 {[%emt 0:00:39]} 7. Bh6 {[%emt 0:04:41]} Bxh6 {[%emt 0:00:42]} 8. Qxh6 {[%emt 0:00:57]} b4 {[%emt 0:00:22] B07: Pirc Defence: Miscellaneous Systems} 9. Nd1 {[%emt 0:06:21] LiveBook: 10 Games} (9. Nce2 Qa5 10. Nf4 b3+ 11. c3 Qxa2 12. Rc1 Qxb2 13. Nd3 Qa2 {0-1 (13) Matsuura,E (2495)-Santiago,Y (2453) Sao Paulo 2016}) 9... Qa5 {[%emt 0:01:08]} 10. Kf2 $146 {[%emt 0:02:22]} (10. Bc4 $14) ({Predecessor:} 10. Qd2 Nbd7 11. Ne3 c5 12. Nc4 Qc7 13. d5 Nb6 14. a3 Nxc4 15. Bxc4 Rb8 16. Ne2 {½-½ (24) Calavalle,G (2247)-Xia,J (2286) Gallipoli 2017}) 10... c5 {[%emt 0:08:56]} (10... g5 $15 11. Ne3 Rg8) 11. e5 {[%emt 0:03:52]} Nd5 {[%emt 0:04:21]} 12. exd6 {[%emt 0:05:20]} e6 $2 {[%emt 0:04:21] [#]} ({Better is} 12... Nc6 $14) 13. Nh3 $1 {[%emt 0:05:37]} Nd7 {[%emt 0:06:20] [#]} 14. Qg7 $1 {[%emt 0:16:06]} Rf8 {[%emt 0:00:11] [#]} 15. Ng5 $1 {[%emt 0:04:23]} N7f6 {[%emt 0:15:41]} 16. Bc4 {[%emt 0:07:38]} Nh5 {[%emt 0:06:50] [#]} 17. Qe5 $1 {[%emt 0:02:39]} ({And not} 17. Qxh7 Ndf6 $11) 17... Nhf6 {[%emt 0:16:54]} 18. Nxh7 {[%emt 0:02:37]} Nxh7 {[%emt 0:02:13]} 19. Bxd5 {[%emt 0:01:28]} Rb8 {[%emt 0:00:08]} 20. d7+ {[%emt 0:02:47]} Kxd7 {[%emt 0:01:24]} 21. Qxb8 $18 {[%emt 0:03:44]} exd5 {[%emt 0:00:13]} 22. Qe5 {[%emt 0:03:34]} 1-0

[Event "DFMMLV 2017"]
[Site "Braunfels"]
[Date "2017.06.17"]
[Round "4"]
[White "Froehlich-Dill, Astrid"]
[Black "Semenova, Alisa"]
[Result "1-0"]
[WhiteElo "1892"]
[BlackElo "1621"]
[Annotator "NA RC"]
[PlyCount "111"]
[EventDate "2017.??.??"]
[EventType "team-tourn"]
[EventCountry "GER"]
[SourceTitle "playchess.com"]
[Source "ChessBase"]
[SourceQuality "1"]
[TimeControl "40/5400+30:1800+30"]

{[%evp 8,111,13,2,41,17,26,16,41,33,50,13,68,24,34,2,21,-35,147,161,32767,0,32767,-15,-8,32767,32767,32767,37,16,6,11,32767,32767,32767,32767,32767,32767,32767,32767,35,32767,32767,32767,32767,32767,32767,32767,32767,32767,29,25,15,23,32767,0,82,-20,72,25,34,38,48,33,101,43,79,26,89,30,126,99,133,32767,119,43,32767,32767,104,105,167,153,206,213,212,196,228,237,466,32767,510,452,502,32767,420,32767,32767,32767,533,631,1218,32767,529,807,2063,6379]} 1. d4 {[%emt 0:00:00]} d5 {[%emt 0:00:11]} 2. Nf3 {[%emt 0:00:00]} e6 {[%emt 0:00:21]} 3. Bf4 {[%emt 0:01:33]} c5 {[%emt 0:10:33]} 4. c3 {[%emt 0:02:31]} Nc6 {[%emt 0:01:44] LiveBook: 86 Games} 5. e3 {[%emt 0:00:56]} Bd7 {[%emt 0:07:41] D02: 1 d4 d5 2 Nf3 sidelines, including 2...Nf6 3 g3 and 2...Nf6 3 Bf4} (5... Bd6 6. Bg3 Nf6 7. Nbd2 O-O 8. Bb5 Ne7 9. Bd3 Qb6 10. Rb1 Ng6 11. Bxg6 hxg6 12. Bxd6 Qxd6 13. Ne5 b6 14. Qf3 Ba6 15. h4 Nd7 16. Nxd7 Qxd7 {0-1 (38) Gelfand,B (2734)-Inarkiev,E (2730) Magas 2016}) 6. Bd3 {[%emt 0:02:59]} c4 {[%emt 0:04:01]} 7. Bc2 {[%emt 0:00:42]} Nf6 {[%emt 0:03:54]} 8. O-O {[%emt 0:04:31]} Be7 {[%emt 0:04:19]} 9. Nbd2 {[%emt 0:07:39]} O-O {[%emt 0:06:29]} (9... Nh5 $1 $11) 10. b3 $146 {[%emt 0:05:26]} ({Predecessor:} 10. e4 dxe4 11. Ng5 b5 12. Ngxe4 Nd5 13. Bg3 Rc8 14. Qh5 g6 15. Qf3 f5 16. Nd6 {0-1 (24) Zielinski,M (2315)-Skrzypczak,J (2245) Oberhau 1991}) 10... b5 {[%emt 0:05:33]} 11. bxc4 {[%emt 0:01:03]} bxc4 {[%emt 0:01:49]} 12. e4 {[%emt 0:01:13]} Ba3 $2 {[%emt 0:07:36] [#]} (12... Qa5 $15) 13. e5 $1 {[%emt 0:05:39]} Nh5 {[%emt 0:11:12] [#]} 14. Be3 $2 {[%emt 0:06:30]} ({White has to play} 14. Bxh7+ $1 $18 Kxh7 15. Ng5+ Kg6 16. Be3) 14... f5 {[%emt 0:10:02]} 15. exf6 {[%emt 0:06:12]} Nxf6 {[%emt 0:02:46]} 16. Rb1 {[%emt 0:06:24]} Qa5 {[%emt 0:01:57]} 17. Ne5 {[%emt 0:04:46]} Be8 {[%emt 0:05:34]} 18. Nxc6 {[%emt 0:07:09]} Bxc6 {[%emt 0:00:13]} 19. Nf3 {[%emt 0:00:20]} Bd6 {[%emt 0:02:42]} 20. Ne5 {[%emt 0:04:16]} Be8 {[%emt 0:01:44]} 21. Rb7 {[%emt 0:05:39]} Qxa2 {[%emt 0:04:14]} 22. Qd2 {[%emt 0:03:08]} Qa6 {[%emt 0:00:48]} 23. Rfb1 {[%emt 0:00:21]} Bxe5 {[%emt 0:01:26]} 24. dxe5 {[%emt 0:00:59]} Ng4 {[%emt 0:01:22]} 25. Bc5 {[%emt 0:05:38]} Rf7 {[%emt 0:00:41]} 26. Rxf7 {[%emt 0:00:09]} Bxf7 {[%emt 0:00:17]} 27. Qg5 {[%emt 0:03:19]} Nh6 {[%emt 0:01:02]} 28. Qe7 {[%emt 0:01:24]} Re8 {[%emt 0:02:02]} 29. Qxa7 {[%emt 0:06:12]} Qxa7 {[%emt 0:00:02]} 30. Bxa7 {[%emt 0:00:02]} Ra8 {[%emt 0:00:18]} 31. Bd4 {[%emt 0:00:41]} Nf5 {[%emt 0:00:51] [#]} (31... Bg6 $11 32. Bxg6 hxg6) 32. Bc5 {[%emt 0:02:04]} (32. Bxf5 $1 $16 exf5 33. f4) 32... Rc8 {[%emt 0:01:02]} (32... Bg6 $11 {remains equal.}) 33. Rb5 {[%emt 0:02:53]} (33. Bxf5 $5 exf5 34. Be3 $16) 33... Be8 {[%emt 0:01:00]} 34. Bxf5 {[%emt 0:01:31]} exf5 {[%emt 0:00:03]} 35. Ra5 {[%emt 0:00:16]} Bf7 {[%emt 0:01:23]} ({Black should try} 35... Bc6 $14) 36. Bd4 {[%emt 0:00:25]} Be6 {[%emt 0:00:30]} 37. h4 {[%emt 0:00:13]} (37. Ra6 $16 Re8 38. f4) 37... Re8 {[%emt 0:00:54]} (37... f4 $1 $11) 38. Ra7 {[%emt 0:00:38]} g6 {[%emt 0:00:38]} ({Black should try} 38... f4 $14) 39. Be3 {[%emt 0:01:07]} Kh8 {[%emt 0:00:31]} 40. Bg5 {[%emt 0:00:46]} Kg8 {[%emt 0:30:29]} 41. Bf6 {[%emt 0:02:19]} (41. Kf1 $16) 41... Bf7 {[%emt 0:00:00]} 42. Rc7 {[%emt 0:03:51]} h6 {[%emt 0:00:00]} 43. f4 {[%emt 0:03:20]} h5 {[%emt 0:00:00]} (43... Be6 $16) 44. Kf2 {[%emt 0:00:22]} Kf8 {[%emt 0:00:00]} (44... Be6 $16 {is a better defense.} 45. Ke3 Kf8) 45. Ke3 {[%emt 0:00:33]} Kg8 {[%emt 0:00:00]} 46. Kd4 {[%emt 0:00:36]} Kf8 {[%emt 0:00:00]} 47. Kc5 {[%emt 0:00:27]} Kg8 $2 {[%emt 0:00:00]} (47... Re6 48. g3 Re8) 48. Be7 {[%emt 0:03:25]} Be6 $2 {[%emt 0:00:57]} (48... Rb8 49. Rc6 Be8) 49. Kd6 {[%emt 0:00:30]} Kf7 {[%emt 0:00:17]} 50. Ra7 {[%emt 0:02:30]} Bc8 {[%emt 0:02:44]} 51. Bf6+ {[%emt 0:02:38]} Kf8 {[%emt 0:00:46]} 52. Kxd5 {[%emt 0:01:12]} Be6+ {[%emt 0:00:33]} 53. Kd6 {[%emt 0:00:08]} Bf7 {[%emt 0:00:21]} 54. Bg5 {[%emt 0:02:04]} Kg7 {[%emt 0:01:13]} 55. Be7 {[%emt 0:01:07]} Kh8 {[%emt 0:00:42]} 56. e6 $18 {[%emt 0:00:20]} 1-0